Central Library OPAC University of Rajshahi

The Swazi : (Record no. 12033)

MARC details
000 -LEADER
fixed length control field 00773cam a2200265 a 4500
001 - CONTROL NUMBER
control field 12033
003 - CONTROL NUMBER IDENTIFIER
rucl marc code BD-RjUL
005 - DATE AND TIME OF LATEST TRANSACTION
control field 20211208235225.0
008 - FIXED-LENGTH DATA ELEMENTS--GENERAL INFORMATION
fixed length control field 140128s1963 nyuab b 000 0 eng
035 ## - SYSTEM CONTROL NUMBER
System control number (BD-RjUL)12082
System control number 2176510
040 ## - CATALOGING SOURCE
Original cataloging agency LC
Language of cataloging eng
Transcribing agency LC
Modifying agency XNTU
-- BD-RjUL
041 ## - LANGUAGE CODE
Language code of text/sound track or separate title eng
082 04 - DEWEY DECIMAL CLASSIFICATION NUMBER
Classification number 305.89683
Edition number 19
Author mark and year KUS
100 1# - MAIN ENTRY--PERSONAL NAME
Personal name Kuper, Hilda.
9 (RLIN) 36181
245 14 - TITLE STATEMENT
Title The Swazi :
Remainder of title a South African kingdom /
Statement of responsibility, etc. by Hilda Kuper.
260 ## - PUBLICATION, DISTRIBUTION, ETC. (IMPRINT)
Place of publication, distribution, etc. New York :
Name of publisher, distributor, etc. Holt, Rinehart and Winston,
Date of publication, distribution, etc. c1963.
300 ## - PHYSICAL DESCRIPTION
Pagination vi, 87 p. :
Illustrations ill., map ;
Size 24 cm.
504 ## - BIBLIOGRAPHY, ETC. NOTE
Bibliography, etc Bibliography: p. 85-87.
650 #0 - SUBJECT ADDED ENTRY--TOPICAL TERM
Topical term or geographic name as entry element Swazi (African people)
9 (RLIN) 36182
942 ## - ADDED ENTRY ELEMENTS (KOHA)
Source of classification or shelving scheme Dewey Decimal Classification
Koha item type Books
Holdings
Lost status Source of classification or shelving scheme Damaged status Not for loan Collection code Permanent Location Current Location Shelving location Date acquired Source of acquisition Cost, normal purchase price Total Checkouts Full call number Date last seen Copy number Koha item type
  Dewey Decimal Classification     Non-fiction Central Library, University of Rajshahi Central Library, University of Rajshahi   30/11/1968 Zeitlinger 20.00   305.89683 KUS 1963 28/01/2014 C-2 Books
  Dewey Decimal Classification     Non-fiction Central Library, University of Rajshahi Central Library, University of Rajshahi   30/11/1968 Zeitlinger 12.00   305.89683 KUS 1964 23/05/2017 C-3 Books